[Event "27. Torneo San Viator 2016 - Troneo B"]
[Site "Madrid ESP"]
[Date "2016.10.12"]
[Round "4.14"]
[White "Corral Sanchez, Jesus"]
[Black "Blasco Gallardo, Francisco"]
[Result "1/2-1/2"]
[WhiteElo "1581"]
[BlackElo "1438"]
[PlyCount "89"]
[EventDate "2016.09.25"]
[EventType "swiss"]
[EventRounds "9"]
[EventCountry "ESP"]
[Source "lmi"]
[SourceDate "2016.09.25"]

1. c4 Nf6 2. Nc3 b6 3. Nf3 Bb7 4. d4 d5 5. e3 e6 6. Bd3 dxc4 7. Bxc4 Nbd7 8.
O-O Bb4 9. Bd2 O-O 10. a3 Bxc3 11. Bxc3 Ne4 12. Qe2 Ng5 13. Nxg5 Qxg5 14. f3
Nf6 15. Rad1 Nd5 16. Bd2 Rad8 17. Kh1 f5 18. Bxd5 exd5 19. e4 Qe7 20. e5 c5 21.
Rc1 a5 22. dxc5 bxc5 23. Bxa5 Ra8 24. Bd2 Ba6 25. Qe3 Bxf1 26. Rxf1 f4 27. Qe2
Qe6 28. Rc1 Rf5 29. Rxc5 Rxe5 30. Qf1 Re2 31. Bb4 Rxb2 32. h3 Qg6 33. Rc1 Re8
34. Bc3 Ra2 35. Re1 Rxe1 36. Bxe1 Ra1 37. Qe2 h6 38. Kh2 Qb1 39. Qe6+ Kh7 40.
Qxd5 Qxe1 41. Qf5+ Kg8 42. Qxf4 Qg1+ 43. Kg3 Rxa3 44. Qc4+ Kh7 45. Qe4+ 1/2-1/2

[Event "27. Torneo San Viator 2016 - Troneo B"]
[Site "Madrid ESP"]
[Date "2016.10.12"]
[Round "4.15"]
[White "Soria Martinez, Daniel"]
[Black "Castro Uceda, Jose Antonio"]
[Result "0-1"]
[WhiteElo "1414"]
[BlackElo "1532"]
[PlyCount "100"]
[EventDate "2016.09.25"]
[EventType "swiss"]
[EventRounds "9"]
[EventCountry "ESP"]
[Source "lmi"]
[SourceDate "2016.09.25"]

1. e4 c5 2. Nc3 e6 3. g3 d5 4. d4 dxe4 5. Be3 cxd4 6. Qxd4 Qxd4 7. Bxd4 Nc6 8.
Bb5 f5 9. O-O-O Bd7 10. Be3 Nf6 11. Nge2 Bb4 12. a3 Bxc3 13. Nxc3 a6 14. Ba4 b5
15. Bb3 Ng4 16. Rd6 Nxe3 17. fxe3 Ke7 18. Rhd1 Rhd8 19. Bxe6 Bxe6 20. Rxc6
Rxd1+ 21. Kxd1 Kd7 22. Rb6 Ke7 23. Ne2 Rd8+ 24. Nd4 Rd6 25. Rxd6 Kxd6 26. Nxe6
Kxe6 27. Ke2 Kd5 28. Kd2 g5 29. b3 a5 30. c3 Kc5 31. b4+ axb4 32. axb4+ Kc4 33.
Kc2 h5 34. h4 gxh4 35. gxh4 Kd5 36. Kd2 Ke5 37. c4 bxc4 38. b5 Kd5 39. b6 Kc6
40. Kc3 Kxb6 41. Kxc4 Kc6 42. Kd4 Kd6 43. Kc3 Ke5 44. Kd2 f4 45. exf4+ Kxf4 46.
Ke2 Kg4 47. Ke3 Kxh4 48. Kxe4 Kg3 49. Ke3 h4 50. Ke2 Kg2 0-1

[Event "27. Torneo San Viator 2016 - Troneo B"]
[Site "Madrid ESP"]
[Date "2016.10.12"]
[Round "4.16"]
[White "Garcia Rojas, Juan Carlos"]
[Black "Insua Rodriguez, Antonio"]
[Result "1-0"]
[WhiteElo "1514"]
[BlackElo "1432"]
[PlyCount "59"]
[EventDate "2016.09.25"]
[EventType "swiss"]
[EventRounds "9"]
[EventCountry "ESP"]
[Source "lmi"]
[SourceDate "2016.09.25"]

1. e4 e6 2. Nf3 d5 3. exd5 exd5 4. d4 Bd6 5. Bd3 Nc6 6. c3 Bg4 7. Nbd2 Nge7 8.
Qc2 Qd7 9. O-O O-O-O 10. b4 Bf5 11. Nb3 Bxd3 12. Qxd3 b6 13. Qa6+ Kb8 14. b5
Na5 15. Nxa5 bxa5 16. Qxa5 Ka8 17. Ne5 Bxe5 18. dxe5 Rb8 19. Be3 Rb7 20. Rab1
Rhb8 21. a4 Nc6 22. Qa6 Nxe5 23. Bd4 Nc4 24. Rfe1 Rb6 25. Bxb6 Rxb6 26. Re7 Qd8
27. Rxf7 Rxa6 28. bxa6 Qd6 29. Rxg7 Nb6 30. Rg8+ 1-0

[Event "27. Torneo San Viator 2016 - Troneo B"]
[Site "Madrid ESP"]
[Date "2016.10.12"]
[Round "4.20"]
[White "Lopez Nunez, Alonso"]
[Black "Ghavami, Mahmoud"]
[Result "1-0"]
[WhiteElo "1361"]
[BlackElo "1592"]
[PlyCount "66"]
[EventDate "2016.09.25"]
[EventType "swiss"]
[EventRounds "9"]
[EventCountry "ESP"]
[Source "lmi"]
[SourceDate "2016.09.25"]

1. b3 d6 2. Bb2 e5 3. e3 Nc6 4. Nf3 Nf6 5. Bb5 a6 6. Bxc6+ bxc6 7. d4 e4 8.
Nfd2 d5 9. O-O Bd6 10. c4 O-O 11. Nc3 Be6 12. Qe2 Ng4 13. h3 Nh6 14. f3 f5 15.
fxe4 fxe4 16. Rxf8+ Bxf8 17. Rf1 Qg5 18. g4 Nf5 19. Ncxe4 Qg6 20. Kh1 Nd6 21.
Nxd6 Bxd6 22. c5 Be7 23. Nf3 Qe4 24. Kg1 h5 25. Ne5 hxg4 26. Nxg4 Kh7 27. Nh2
Rh8 28. Qh5+ Kg8 29. Qe8+ Kh7 30. Qxe7 Qxe3+ 31. Kh1 Qe4+ 32. Nf3 Kg6 33. Rg1+
Kh7 1-0

[Event "27. Torneo San Viator 2016 - Troneo B"]
[Site "Madrid ESP"]
[Date "2016.10.12"]
[Round "4.21"]
[White "Salgado Duarte, Pablo"]
[Black "Jimenez Sanchez, Juan Daniel"]
[Result "1-0"]
[WhiteElo "1571"]
[BlackElo "1339"]
[PlyCount "61"]
[EventDate "2016.09.25"]
[EventType "swiss"]
[EventRounds "9"]
[EventCountry "ESP"]
[Source "lmi"]
[SourceDate "2016.09.25"]

1. d4 Nf6 2. c4 e6 3. Nc3 Bb4 4. Bd2 d5 5. e3 c5 6. Nf3 dxc4 7. Bxc4 cxd4 8.
Nxd4 O-O 9. O-O Qc7 10. Bd3 a6 11. Rc1 Qd8 12. Qc2 b5 13. a3 Bd6 14. Ne4 Nxe4
15. Bxe4 Qh4 16. g3 Qh6 17. Bxa8 Nd7 18. Bg2 Nf6 19. e4 g5 20. Nf3 e5 21. Bxg5
Qg7 22. Bxf6 Qxf6 23. Qd2 Kh8 24. Rc6 Rd8 25. Qg5 Qxg5 26. Nxg5 Kg7 27. Rd1 Be7
28. Rxd8 Bxd8 29. Rxc8 Bxg5 30. Rc6 Bd8 31. Rxa6 1-0

[Event "27. Torneo San Viator 2016 - Troneo B"]
[Site "Madrid ESP"]
[Date "2016.10.12"]
[Round "4.22"]
[White "Tenorio Garcia, Joel"]
[Black "Alameda Arellano, Cristeto"]
[Result "1/2-1/2"]
[WhiteElo "1338"]
[BlackElo "1550"]
[PlyCount "118"]
[EventDate "2016.09.25"]
[EventType "swiss"]
[EventRounds "9"]
[EventCountry "ESP"]
[Source "lmi"]
[SourceDate "2016.09.25"]

1. e4 c6 2. d4 d5 3. exd5 cxd5 4. Bd3 Nc6 5. c3 Nf6 6. Bf4 Bg4 7. Qb3 Qd7 8.
Nd2 e6 9. Ngf3 Bxf3 10. Nxf3 Bd6 11. Bxd6 Qxd6 12. O-O O-O 13. Rfe1 Nd7 14. Qc2
h6 15. Re3 Rac8 16. Rae1 Nb4 17. Qb3 Nxd3 18. Rxd3 Rc7 19. Ne5 Nxe5 20. dxe5
Qe7 21. Rg3 Rc4 22. Qd1 b5 23. b3 Rh4 24. Qf3 f5 25. exf6 Rxf6 26. Qxd5 Qf7 27.
Qd8+ Kh7 28. f3 Rh5 29. Qd3+ Kh8 30. c4 bxc4 31. Qxc4 Rd5 32. Qe4 Qd7 33. h3
Qd6 34. Rg6 Rxg6 35. Qxg6 Rd1 36. Rxd1 Qxd1+ 37. Kh2 Qd6+ 38. Qg3 e5 39. h4 a5
40. Kh3 h5 41. Qg5 Qe6+ 42. g4 hxg4+ 43. Qxg4 Qf6 44. Qh5+ Kg8 45. Qg5 Kh7 46.
Kg3 Qd6 47. Qf5+ Kg8 48. Qc8+ Kh7 49. Qf5+ Kg8 50. Kg4 Qe7 51. Qg5 Qe6+ 52. Qf5
Qe7 53. f4 e4 54. Qe5 Qd7+ 55. Kg5 Qd8+ 56. Kf5 Qxh4 57. Kxe4 Qe1+ 58. Kd5 Qd2+
59. Ke4 Qxa2 1/2-1/2

[Event "27. Torneo San Viator 2016 - Troneo B"]
[Site "Madrid ESP"]
[Date "2016.10.12"]
[Round "4.23"]
[White "Arevalo Estriegana, Jorge"]
[Black "Fogue Caro, David"]
[Result "1-0"]
[WhiteElo "1273"]
[BlackElo "1524"]
[PlyCount "53"]
[EventDate "2016.09.25"]
[EventType "swiss"]
[EventRounds "9"]
[EventCountry "ESP"]
[Source "lmi"]
[SourceDate "2016.09.25"]

1. d4 Nf6 2. Nf3 g6 3. Bf4 Bg7 4. Nbd2 O-O 5. e3 d6 6. c3 a6 7. Bd3 Nh5 8. Bg3
Nxg3 9. hxg3 Bg4 10. Qc2 e5 11. O-O-O b5 12. Rh4 Nd7 13. Rxg4 f5 14. Rh4 e4 15.
Nxe4 fxe4 16. Bxe4 Rb8 17. Qb3+ Kh8 18. Bxg6 Nf6 19. Rdh1 d5 20. Bxh7 Nxh7 21.
Rxh7+ Kg8 22. R1h5 Kf7 23. Qxd5+ Qxd5 24. Rxd5 Rh8 25. Rh4 Bf6 26. Rh3 Ke6 27.
Rdh5 1-0

[Event "27. Torneo San Viator 2016 - Troneo B"]
[Site "Madrid ESP"]
[Date "2016.10.12"]
[Round "4.25"]
[White "Lopez Martin, Israel"]
[Black "Aparicio Iriso, Miguel"]
[Result "1-0"]
[WhiteElo "1478"]
[BlackElo "1325"]
[PlyCount "81"]
[EventDate "2016.09.25"]
[EventType "swiss"]
[EventRounds "9"]
[EventCountry "ESP"]
[Source "lmi"]
[SourceDate "2016.09.25"]

1. d4 Nf6 2. Nf3 e6 3. e3 c5 4. c3 b6 5. Bd3 Bb7 6. Nbd2 Be7 7. Qc2 cxd4 8.
cxd4 Nc6 9. a3 O-O 10. e4 h6 11. e5 Nd5 12. Ne4 Qc7 13. g4 f6 14. h4 fxe5 15.
Nxe5 Bd6 16. Ng6 Rf7 17. g5 Nxd4 18. Qd1 Nf5 19. gxh6 gxh6 20. Qh5 Kh7 21. Ng5+
Kg7 22. Nxf7 Kxf7 23. Bxf5 exf5 24. Qxf5+ Nf6 25. Bxh6 Bxh1 26. Bg5 Re8+ 27.
Kd1 Re6 28. Nh8+ Kg7 29. h5 Nxh5 30. Qf7+ Kxh8 31. Qxh5+ Kg7 32. Qxh1 Be5 33.
Rc1 Qd6+ 34. Kc2 Qc6+ 35. Kb1 Qxh1 36. Rxh1 Rg6 37. Be3 Kf7 38. f4 Bg7 39. f5
Rg2 40. b4 Rg5 41. Bxg5 1-0

[Event "27. Torneo San Viator 2016 - Troneo B"]
[Site "Madrid ESP"]
[Date "2016.10.12"]
[Round "4.26"]
[White "Palomares Cortez, Facundo Seba"]
[Black "Santos Burkholz, Mario"]
[Result "1/2-1/2"]
[WhiteElo "1184"]
[BlackElo "1471"]
[PlyCount "69"]
[EventDate "2016.09.25"]
[EventType "swiss"]
[EventRounds "9"]
[EventCountry "ESP"]
[Source "lmi"]
[SourceDate "2016.09.25"]

1. d4 d5 2. e3 e6 3. Bd3 Bd6 4. f4 Nf6 5. Nd2 O-O 6. Ngf3 Ng4 7. Qe2 f5 8. h3
Nf6 9. O-O c5 10. c3 b6 11. Ne5 Ne4 12. Rf3 Qh4 13. Bc2 Ba6 14. Bd3 Bc8 15. Bc2
Bxe5 16. fxe5 Bd7 17. Rf4 Qh6 18. Nxe4 dxe4 19. Qf2 Kh8 20. Bxe4 Bc6 21. Bf3
Bxf3 22. Rxf3 g6 23. e4 Qg7 24. Bg5 Nd7 25. exf5 gxf5 26. Bd2 Rg8 27. Bf4 cxd4
28. Rg3 Qf7 29. Rxg8+ Rxg8 30. cxd4 b5 31. Rc1 Nb6 32. Rc6 Nd5 33. Bh2 Qg6 34.
Ra6 Qf7 35. Kh1 1/2-1/2

[Event "27. Torneo San Viator 2016 - Troneo B"]
[Site "Madrid ESP"]
[Date "2016.10.12"]
[Round "4.27"]
[White "Sanchez Sanchez, Cesar"]
[Black "Blanco Martin, Oscar"]
[Result "1/2-1/2"]
[WhiteElo "1437"]
[BlackElo "1315"]
[PlyCount "36"]
[EventDate "2016.09.25"]
[EventType "swiss"]
[EventRounds "9"]
[EventCountry "ESP"]
[Source "lmi"]
[SourceDate "2016.09.25"]

1. d4 Nf6 2. Bf4 g6 3. Nf3 Bg7 4. e3 d6 5. h3 Nbd7 6. Be2 O-O 7. O-O c5 8. c3
Re8 9. Bb5 a6 10. Bxd7 Nxd7 11. dxc5 Nxc5 12. Nbd2 Nd3 13. Qb3 Nxf4 14. exf4 e6
15. Rad1 d5 16. Nc4 b5 17. Nce5 Qc7 18. Rfe1 Bb7 1/2-1/2

[Event "27. Torneo San Viator 2016 - Troneo B"]
[Site "Madrid ESP"]
[Date "2016.10.12"]
[Round "4.28"]
[White "Periotto Miori, Caterina"]
[Black "Fernandez Munoz, Jesus Norbert"]
[Result "1-0"]
[WhiteElo "1151"]
[BlackElo "1435"]
[PlyCount "111"]
[EventDate "2016.09.25"]
[EventType "swiss"]
[EventRounds "9"]
[EventCountry "ESP"]
[Source "lmi"]
[SourceDate "2016.09.25"]

1. Nf3 Nc6 2. c4 e5 3. Nc3 Nf6 4. d4 exd4 5. Nxd4 Bb4 6. Bg5 O-O 7. e3 Bxc3+ 8.
bxc3 h6 9. Bh4 g5 10. Bg3 d6 11. Bd3 Nxd4 12. cxd4 Bg4 13. f3 Bh5 14. h3 Bg6
15. Qc2 Re8 16. Bf2 Bxd3 17. Qxd3 Nh5 18. O-O Qf6 19. Rae1 Rad8 20. Rb1 b6 21.
Rb5 Ng7 22. Bg3 c6 23. Rbb1 Nf5 24. Bf2 Qg6 25. Qd2 h5 26. g4 hxg4 27. hxg4 Nh6
28. Bg3 f5 29. Qd3 Rf8 30. Qe2 Rde8 31. Rbe1 f4 32. Bf2 fxe3 33. Bxe3 Nf7 34.
Qf2 Nh6 35. Qh2 Kg7 36. Qh5 Qxh5 37. gxh5 Nf7 38. Kf2 d5 39. cxd5 cxd5 40. Rh1
Kh6 41. f4 Nd6 42. Reg1 Ne4+ 43. Kf3 Rg8 44. fxg5+ Nxg5+ 45. Kf2 Ref8+ 46. Ke2
Rf5 47. Kd2 Kh7 48. Ke2 b5 49. h6 Re8 50. Kd3 Rg8 51. Rh5 Rf3 52. Rgxg5 Re8 53.
Re5 Rg8 54. Re7+ Kg6 55. Rg5+ Kxh6 56. Rxg8+ 1-0

[Event "27. Torneo San Viator 2016 - Troneo B"]
[Site "Madrid ESP"]
[Date "2016.10.12"]
[Round "4.30"]
[White "Ramos Barbancho, Jose Manuel"]
[Black "Gomez Logrosan, Cristian"]
[Result "1/2-1/2"]
[WhiteElo "1376"]
[BlackElo "1309"]
[PlyCount "39"]
[EventDate "2016.09.25"]
[EventType "swiss"]
[EventRounds "9"]
[EventCountry "ESP"]
[Source "lmi"]
[SourceDate "2016.09.25"]

1. e4 c6 2. Nf3 d5 3. exd5 cxd5 4. d4 Nc6 5. Nc3 Bf5 6. Bd3 Bxd3 7. Qxd3 e6 8.
a3 Nf6 9. Bf4 Be7 10. O-O-O O-O 11. h4 a6 12. Rh3 b5 13. Na2 Qa5 14. Ne5 Rfc8
15. h5 b4 16. Bd2 Nxe5 17. dxe5 Ne4 18. Rf1 Nxd2 19. Qxd2 Rab8 20. Rb3 1/2-1/2

[Event "27. Torneo San Viator 2016 - Troneo B"]
[Site "Madrid ESP"]
[Date "2016.10.12"]
[Round "4.32"]
[White "Garcia Pumarega, Cesar"]
[Black "Pastor Diaz, David"]
[Result "1-0"]
[WhiteElo "1274"]
[BlackElo "1378"]
[PlyCount "81"]
[EventDate "2016.09.25"]
[EventType "swiss"]
[EventRounds "9"]
[EventCountry "ESP"]
[Source "lmi"]
[SourceDate "2016.09.25"]

1. e4 c6 2. d4 d5 3. e5 Bf5 4. Bf4 Nd7 5. c4 e6 6. Nf3 Rc8 7. Nc3 f6 8. Be2 Bb4
9. Qd2 Ne7 10. O-O O-O 11. exf6 Nxf6 12. Ne5 Ne4 13. Qe3 Ng6 14. Nxe4 Nxf4 15.
Nc5 Nxe2+ 16. Qxe2 Rc7 17. Ned3 Bxc5 18. Nxc5 Qf6 19. Qe5 Qxe5 20. dxe5 dxc4
21. Rfd1 Rcf7 22. Rd2 b6 23. Nd7 Rd8 24. Nf6+ gxf6 25. Rxd8+ Kg7 26. exf6+ Kxf6
27. Rc1 Bd3 28. b3 b5 29. Rc8 Rd7 30. Rxc6 Be4 31. Rc5 Bc2 32. f3 c3 33. Rxc2
Rd1+ 34. Kf2 b4 35. Ke3 e5 36. Ke2 Rd4 37. Ke3 Kf5 38. Re2 Ke6 39. Kf2 Kf5 40.
Rexe5+ Kf4 41. g3# 1-0

[Event "27. Torneo San Viator 2016 - Troneo B"]
[Site "Madrid ESP"]
[Date "2016.10.12"]
[Round "4.35"]
[White "Del Noval Nemeshazi, Mario"]
[Black "Lozano Serrano, Nuria"]
[Result "1/2-1/2"]
[WhiteElo "1304"]
[BlackElo "1188"]
[PlyCount "70"]
[EventDate "2016.09.25"]
[EventType "swiss"]
[EventRounds "9"]
[EventCountry "ESP"]
[Source "lmi"]
[SourceDate "2016.09.25"]

1. e4 e5 2. Nf3 Nc6 3. d4 exd4 4. Nxd4 Nxd4 5. Qxd4 b6 6. Bc4 Bb7 7. Bf4 Ne7 8.
Nc3 Nc6 9. Qd5 Qe7 10. Bxc7 Qe6 11. Qxe6+ dxe6 12. Bg3 Bb4 13. O-O-O O-O 14.
Rd3 Rad8 15. Rhd1 Bxc3 16. bxc3 a6 17. Bc7 Rxd3 18. cxd3 b5 19. Bb3 Rc8 20. Bf4
Nd4 21. Kb2 Nc6 22. d4 Ne7 23. d5 exd5 24. exd5 Rd8 25. d6 Ng6 26. Bg3 Bxg2 27.
Bd5 Bxd5 28. Rxd5 h6 29. Kb3 Kf8 30. Kb4 Ke8 31. Kc5 Nf8 32. Kc6 Rc8+ 33. Kb6
Rxc3 34. Kxa6 Ra3+ 35. Kxb5 Rxa2 1/2-1/2

[Event "27. Torneo San Viator 2016 - Troneo B"]
[Site "Madrid ESP"]
[Date "2016.10.12"]
[Round "4.36"]
[White "Diaz Del Prado, Carlos"]
[Black "Coronado Riscos, Hector"]
[Result "0-1"]
[WhiteElo "1303"]
[BlackElo "1034"]
[PlyCount "98"]
[EventDate "2016.09.25"]
[EventType "swiss"]
[EventRounds "9"]
[EventCountry "ESP"]
[Source "lmi"]
[SourceDate "2016.09.25"]

1. b3 Nf6 2. Bb2 g6 3. e3 Bg7 4. Nf3 d6 5. d4 O-O 6. Bd3 Nbd7 7. Nbd2 b6 8. c4
Bb7 9. e4 Nh5 10. O-O Nf4 11. Qc2 e5 12. Rfe1 exd4 13. Bxd4 Ne5 14. Bf1 c5 15.
Bc3 Re8 16. Rad1 Nxf3+ 17. Nxf3 Bxc3 18. Qxc3 Bxe4 19. Nd2 Bc6 20. Rxe8+ Qxe8
21. Qf6 Ne2+ 22. Kh1 Nd4 23. Qxd6 Qd7 24. Qxd7 Bxd7 25. Nf3 Bg4 26. Rd3 Bf5 27.
Re3 Nxf3 28. Rxf3 Rd8 29. Be2 Rd2 30. Re3 Be6 31. h3 Rxa2 32. Kh2 Kg7 33. f4
Bf5 34. Bd3 Bxd3 35. Rxd3 Ra3 36. g4 a5 37. Rd6 Rxb3 38. Rd8 h5 39. g5 a4 40.
Ra8 a3 41. Ra6 Rb2+ 42. Kg3 a2 43. Kh4 Rf2 44. Kg3 Rc2 45. Ra4 Rxc4 46. Rxa2 b5
47. Kf3 b4 48. Ra4 Rc3+ 49. Ke2 Rxh3 0-1

[Event "27. Torneo San Viator 2016 - Troneo B"]
[Site "Madrid ESP"]
[Date "2016.10.12"]
[Round "4.37"]
[White "Baranco Gonzalez, Nicolas"]
[Black "Lavado Pena, David"]
[Result "0-1"]
[WhiteElo "1300"]
[BlackElo "1026"]
[PlyCount "120"]
[EventDate "2016.09.25"]
[EventType "swiss"]
[EventRounds "9"]
[EventCountry "ESP"]
[Source "lmi"]
[SourceDate "2016.09.25"]

1. e4 c5 2. Nf3 Nc6 3. Nc3 g6 4. Bc4 Bg7 5. O-O e6 6. h3 Nge7 7. Re1 O-O 8. b3
d5 9. Bd3 d4 10. Na4 b6 11. Nb2 e5 12. a4 Be6 13. Bc4 Bxc4 14. Nxc4 a6 15. Bb2
b5 16. axb5 axb5 17. Rxa8 Qxa8 18. Na3 Rb8 19. Qe2 b4 20. Nc4 Rd8 21. Ra1 Qb7
22. Na5 Nxa5 23. Rxa5 Qc7 24. Ra1 Nc6 25. c3 bxc3 26. dxc3 d3 27. Qe3 Qd7 28.
Rd1 Na5 29. Ne1 d2 30. Nf3 Nxb3 31. c4 Qd3 32. Qxd3 Rxd3 33. Kf1 Bh6 34. Nxe5
Rd6 35. Ng4 Bg5 36. g3 Na5 37. f4 Nxc4 38. Ba1 Bd8 39. Ke2 Ba5 40. e5 Rb6 41.
Nf6+ Kg7 42. Nd5 Rb3 43. e6+ Kf8 44. e7+ Ke8 45. g4 Nb2 46. Bxb2 Rxb2 47. f5
gxf5 48. gxf5 f6 49. Nxf6+ Kxe7 50. Ne4 c4 51. f6+ Ke6 52. f7 Ke7 53. Ke3 c3
54. Rf1 Kf8 55. Nf6 Kxf7 56. Nd5+ Kg7 57. Rg1+ Kh6 58. h4 c2 59. Nf6 d1=Q 60.
Rg5 Bd2+ 0-1

[Event "27. Torneo San Viator 2016 - Troneo B"]
[Site "Madrid ESP"]
[Date "2016.10.12"]
[Round "4.40"]
[White "Reyero Castro, Jorge"]
[Black "Amador Andujar, Alfredo"]
[Result "0-1"]
[WhiteElo "1206"]
[BlackElo "1575"]
[PlyCount "104"]
[EventDate "2016.09.25"]
[EventType "swiss"]
[EventRounds "9"]
[EventCountry "ESP"]
[Source "lmi"]
[SourceDate "2016.09.25"]

1. e4 c5 2. Nc3 d6 3. f4 g6 4. Nf3 Bg7 5. Bc4 e6 6. O-O Ne7 7. e5 dxe5 8. fxe5
Bxe5 9. Nxe5 Qd4+ 10. Kh1 Qxe5 11. d3 Bd7 12. Bh6 Nf5 13. Bf4 Qg7 14. Qd2 O-O
15. b3 a6 16. a4 Re8 17. Bxb8 Raxb8 18. Qf2 Qxc3 19. Qxc5 b5 20. axb5 axb5 21.
Ra7 Red8 22. Ra6 bxc4 23. dxc4 Bb5 24. Rb6 Qd4 25. Qxd4 Nxd4 26. Rxb8 Rxb8 27.
cxb5 Rxb5 28. c4 Rxb3 29. Rc1 Nc2 30. c5 Rc3 31. h3 Rxc5 32. Kh2 Rc4 33. g4 Ne3
34. Rxc4 Nxc4 35. Kg3 e5 36. Kf3 f5 37. gxf5 gxf5 38. Kg3 e4 39. Kf2 e3+ 40.
Ke2 f4 41. h4 h5 42. Kf3 Kg7 43. Ke2 Kf6 44. Ke1 f3 45. Kf1 e2+ 46. Ke1 Na3 47.
Kf2 Kf5 48. Ke1 Nc2+ 49. Kf2 Kf4 50. Kg1 e1=Q+ 51. Kh2 Qf2+ 52. Kh1 Qg2# 0-1

[Event "27. Torneo San Viator 2016 - Troneo B"]
[Site "Madrid ESP"]
[Date "2016.10.12"]
[Round "4.41"]
[White "Rivera Rodriguez, Luis Fernand"]
[Black "Guillo Sanchez-Galiano, Ernest"]
[Result "1-0"]
[WhiteElo "1394"]
[BlackElo "1202"]
[PlyCount "79"]
[EventDate "2016.09.25"]
[EventType "swiss"]
[EventRounds "9"]
[EventCountry "ESP"]
[Source "lmi"]
[SourceDate "2016.09.25"]

1. e4 d6 2. d4 g6 3. Nf3 Bg7 4. Nc3 Nf6 5. Bc4 O-O 6. O-O Nbd7 7. Bg5 c5 8.
dxc5 Nxc5 9. Bxf6 Bxf6 10. Re1 e5 11. Qd2 Bg4 12. Be2 Qd7 13. h3 Be6 14. Ng5
Rfd8 15. Nxe6 Nxe6 16. Bb5 Qc7 17. Nd5 Qc5 18. Nxf6+ Kg7 19. Ng4 Qxb5 20. Qh6+
Kh8 21. Nf6 Nf8 22. Re3 Qxb2 23. Rf1 Rac8 24. Rf3 Qxa2 25. h4 Qe6 26. h5 Rc7
27. Ra1 b6 28. Qg5 Rdc8 29. c3 a5 30. Nd5 Rb7 31. Rf6 Qe8 32. Rxd6 Ne6 33. Qf6+
Ng7 34. h6 Qg8 35. Rxb6 Rxb6 36. Nxb6 Rxc3 37. Qxe5 Rb3 38. Rxa5 Rxb6 39. hxg7+
Qxg7 40. Ra8+ 1-0

[Event "27. Torneo San Viator 2016 - Troneo B"]
[Site "Madrid ESP"]
[Date "2016.10.12"]
[Round "4.42"]
[White "Garcia Lozano, Javier"]
[Black "Amador Andujar, Gabriel"]
[Result "1-0"]
[WhiteElo "1359"]
[BlackElo "1124"]
[PlyCount "69"]
[EventDate "2016.09.25"]
[EventType "swiss"]
[EventRounds "9"]
[EventCountry "ESP"]
[Source "lmi"]
[SourceDate "2016.09.25"]

1. e4 e5 2. Nf3 Nf6 3. Nc3 Nc6 4. Bc4 Bb4 5. O-O d6 6. d3 Bg4 7. h3 Bh5 8. Bg5
h6 9. Bh4 Nd4 10. g4 Qd7 11. Nxd4 exd4 12. Bxf6 gxf6 13. Nd5 Qc8 14. Nxf6+ Ke7
15. Nxh5 Rg8 16. Qf3 Rg6 17. Qxf7+ Kd8 18. Qxg6 Qd7 19. Be6 Qe7 20. Qg8+ Qe8
21. Qxe8+ Kxe8 22. f4 Ke7 23. f5 Rg8 24. Bxg8 Kf8 25. Be6 Ke7 26. h4 c6 27. g5
hxg5 28. hxg5 d5 29. Bc8 Kf8 30. e5 Be7 31. f6 Bd8 32. e6 Ke8 33. Ng7+ Kf8 34.
e7+ Kf7 35. e8=Q# 1-0

[Event "27. Torneo San Viator 2016 - Troneo B"]
[Site "Madrid ESP"]
[Date "2016.10.16"]
[Round "5.1"]
[White "Jimenez Alvaro, Angel"]
[Black "Serrano Gonzalez, Oscar"]
[Result "0-1"]
[WhiteElo "1743"]
[BlackElo "1714"]
[PlyCount "45"]
[EventDate "2016.09.25"]
[EventType "swiss"]
[EventRounds "9"]
[EventCountry "ESP"]
[Source "lmi"]
[SourceDate "2016.09.25"]

1. d4 f5 2. Nf3 Nf6 3. g3 e6 4. Bg2 Be7 5. O-O O-O 6. c4 d6 7. Nc3 a5 8. Re1
Ne4 9. Qc2 Nxc3 10. bxc3 Nc6 11. e4 e5 12. exf5 Rxf5 13. c5 Qf8 14. Qe4 exd4
15. Nxd4 Re5 16. Qd5+ Rxd5 17. Bxd5+ Kh8 18. Nxc6 bxc6 19. Bxc6 Rb8 20. Bg5
Bxg5 21. Re8 Qxe8 22. Bxe8 Bh3 23. Re1 0-1

[Event "27. Torneo San Viator 2016 - Troneo B"]
[Site "Madrid ESP"]
[Date "2016.10.16"]
[Round "5.2"]
[White "Navarro Gonzalez, Jaime"]
[Black "Lopez Benitez, David"]
[Result "1/2-1/2"]
[WhiteElo "1733"]
[BlackElo "1679"]
[PlyCount "52"]
[EventDate "2016.09.25"]
[EventType "swiss"]
[EventRounds "9"]
[EventCountry "ESP"]
[Source "lmi"]
[SourceDate "2016.09.25"]

1. b3 Nf6 2. Bb2 g6 3. e4 d6 4. Nc3 Bg7 5. Nd5 O-O 6. Nxf6+ Bxf6 7. Bxf6 exf6
8. Nf3 Re8 9. d3 f5 10. Be2 fxe4 11. dxe4 Rxe4 12. O-O Bg4 13. h3 Bd7 14. Nh2
Nc6 15. Bf3 Rh4 16. Bg4 h5 17. Bxd7 Qxd7 18. Nf3 Re4 19. Re1 Rae8 20. Rxe4 Rxe4
21. Qd2 Qe7 22. Qh6 Qf6 23. Rd1 Ne5 24. Ng5 Re2 25. Qh7+ Kf8 26. Qh6+ Kg8
1/2-1/2

[Event "27. Torneo San Viator 2016 - Troneo B"]
[Site "Madrid ESP"]
[Date "2016.10.16"]
[Round "5.3"]
[White "Estevez Sacristan, Deva"]
[Black "Fernandez Estremera, Fernando"]
[Result "0-1"]
[WhiteElo "1600"]
[BlackElo "1652"]
[PlyCount "114"]
[EventDate "2016.09.25"]
[EventType "swiss"]
[EventRounds "9"]
[EventCountry "ESP"]
[Source "lmi"]
[SourceDate "2016.09.25"]

1. e4 d6 2. d4 Nf6 3. Nc3 e5 4. Nf3 Nbd7 5. Bc4 Be7 6. h3 O-O 7. Be3 c6 8. Qd2
b6 9. O-O Bb7 10. Rad1 Qc7 11. a3 a6 12. g4 b5 13. Bd3 c5 14. d5 c4 15. Be2 Nc5
16. Bxc5 Qxc5 17. g5 Ne8 18. h4 g6 19. Nh2 f5 20. exf5 gxf5 21. Nf3 Rf7 22. Kh1
Rg7 23. Qe1 Nc7 24. Qd2 Rf8 25. Ng1 Bc8 26. f4 exf4 27. Qxf4 Bb7 28. Bf3 a5 29.
Rd4 Kh8 30. Rfd1 Bc8 31. Nge2 Bb7 32. Ng3 Rgf7 33. Bh5 Ne6 34. Qf2 Nxd4 35.
Bxf7 Rxf7 36. Qxd4+ Qxd4 37. Rxd4 b4 38. axb4 axb4 39. Na2 b3 40. cxb3 cxb3 41.
Nc1 f4 42. Nge2 f3 43. Ng3 Ba6 44. Nd3 Bd8 45. Rf4 Rxf4 46. Nxf4 Bb6 47. Ne6
Bc4 48. h5 Bxd5 49. Nf4 Bc6 50. Nd3 f2+ 51. Kh2 Bb5 52. Nc1 f1=Q 53. Nxf1 Bxf1
54. Nxb3 Be2 55. g6 h6 56. Nc1 Bxh5 57. Nd3 Bxg6 0-1

[Event "27. Torneo San Viator 2016 - Troneo B"]
[Site "Madrid ESP"]
[Date "2016.10.16"]
[Round "5.4"]
[White "Castro Uceda, Jose Antonio"]
[Black "Franco Rincon, David"]
[Result "1-0"]
[WhiteElo "1532"]
[BlackElo "1728"]
[PlyCount "109"]
[EventDate "2016.09.25"]
[EventType "swiss"]
[EventRounds "9"]
[EventCountry "ESP"]
[Source "lmi"]
[SourceDate "2016.09.25"]

1. e4 e5 2. Nf3 Nc6 3. Bb5 a6 4. Bxc6 dxc6 5. O-O Qd6 6. d4 exd4 7. Qxd4 Be6 8.
b3 Qxd4 9. Nxd4 Bd7 10. Bb2 Nh6 11. Nd2 Be7 12. Nxc6 bxc6 13. Bxg7 Rg8 14. Bxh6
Bh3 15. g3 Bxf1 16. Kxf1 Bf6 17. Rd1 O-O-O 18. Ke2 Bg5 19. Bxg5 Rxg5 20. f4
Rgg8 21. Re1 Rge8 22. e5 f6 23. Nf3 Rd7 24. Kf1 fxe5 25. Nxe5 Rd2 26. Re2 Rd6
27. Kf2 Rf8 28. Nc4 Rh6 29. Kg2 Rg6 30. Ne5 Re6 31. Kf2 Kb7 32. Kf3 Rd6 33. Nc4
Rd1 34. Na5+ Kb6 35. Nc4+ Kb7 36. Na5+ Kb6 37. Nc4+ Kb5 38. Re4 Rf7 39. a4+ Kc5
40. b4+ Kxb4 41. Ne3+ Kc3 42. Nxd1+ Kxc2 43. Ne3+ Kb3 44. a5 Rd7 45. f5 c5 46.
f6 Rf7 47. Rf4 c6 48. g4 h6 49. h4 Rf8 50. g5 hxg5 51. hxg5 c4 52. Nxc4 Kb4 53.
g6 Rd8 54. Ne5+ Kc5 55. f7 1-0